[Event "World Blitz 2015"]
[Site "Berlin GER"]
[Date "2015.10.14"]
[Round "13.59"]
[White "Ehlvest, Jaan"]
[Black "Ragger, Markus"]
[Result "0-1"]
[WhiteTitle "GM"]
[BlackTitle "GM"]
[WhiteElo "2535"]
[BlackElo "2698"]
[WhiteFideId "4500016"]
[BlackFideId "1610856"]
[EventDate "2015.10.13"]

1. Nf3 d5 2. c4 c6 3. e3 Nf6 4. Nc3 a6 5. d4 Bf5 6. Be2 h6 7. Bd3 Bxd3 8. Qxd3
e6 9. a3 Nbd7 10. O-O Bd6 11. e4 dxe4 12. Nxe4 Nxe4 13. Qxe4 Nf6 14. Qe2 O-O 15.
Rd1 b5 16. b3 Re8 17. a4 Qc7 18. c5 Be7 19. Rd3 Nd5 20. Ne5 Bf6 21. Rg3 Ne7 22.
Ng4 Bxd4 23. Nxh6+ Kf8 24. Qf3 Nf5 25. Nxf5 exf5 26. Bf4 Bxa1 27. h4 Be5 0-1

[Event "World Blitz 2015"]
[Site "Berlin GER"]
[Date "2015.10.14"]
[Round "13.60"]
[White "Donchenko, Alexander"]
[Black "Lenic, Luka"]
[Result "0-1"]
[WhiteTitle "GM"]
[BlackTitle "GM"]
[WhiteElo "2577"]
[BlackElo "2639"]
[WhiteFideId "24603295"]
[BlackFideId "14603853"]
[EventDate "2015.10.13"]

1. c4 e6 2. g3 d5 3. Nf3 Nf6 4. d4 dxc4 5. Bg2 Bb4+ 6. Bd2 a5 7. Qc2 Bxd2+ 8.
Qxd2 c6 9. Ne5 b5 10. Nxc6 Qc7 11. Qg5 Nxc6 12. Qxg7 Ke7 13. Qxh8 Bb7 14. Qg7
Nxd4 15. O-O Bxg2 16. Kxg2 Nc2 17. Nc3 Nxa1 18. Rxa1 b4 19. Nd1 Qe5 20. Ne3 Qxb2
21. Rd1 Qe5 22. Qh6 c3 23. Kg1 a4 24. Qh4 Qe4 25. Qg5 Rc8 26. f3 Qc6 27. Rd4 Qc5
28. Qxc5+ Rxc5 29. Rxb4 c2 30. Nxc2 Rxc2 31. Rxa4 Rxe2 32. Ra7+ Kf8 33. Ra5 Nd5
34. a4 Ra2 35. Ra8+ Kg7 36. a5 Ne3 37. f4 Rg2+ 38. Kh1 Ra2 39. Kg1 Nc4 40. a6
Nb6 41. Ra7 Nd5 42. f5 exf5 43. Rd7 Nb4 44. a7 Nc6 45. Rd5 Rxa7 46. Rxf5 Ra2 47.
Rd5 Ne7 48. Re5 Ng6 49. Rd5 Re2 50. Rc5 Re5 51. Rc4 h5 52. Kg2 Ra5 53. Rb4 Ra2+
54. Kh3 Ne5 55. Rb5 f6 56. Rc5 Kg6 57. g4 hxg4+ 58. Kg3 Kg5 59. h4+ gxh3 60.
Kxh3 Ra3+ 61. Kh2 Ra4 62. Rc3 Kf4 63. Rh3 Ra2+ 64. Kg1 f5 65. Rh4+ Ng4 66. Rh3
Re2 67. Ra3 Re3 68. Ra4+ Kg3 69. Ra1 f4 70. Kf1 f3 71. Ra2 Nh2+ 0-1

[Event "World Blitz 2015"]
[Site "Berlin GER"]
[Date "2015.10.14"]
[Round "13.62"]
[White "Volokitin, Andrei"]
[Black "Tari, Aryan"]
[Result "1-0"]
[WhiteTitle "GM"]
[BlackTitle "IM"]
[WhiteElo "2639"]
[BlackElo "2521"]
[WhiteFideId "14107090"]
[BlackFideId "1510045"]
[EventDate "2015.10.13"]

1. e4 c6 2. d4 d5 3. e5 Bf5 4. Nf3 e6 5. Be2 Ne7 6. O-O c5 7. dxc5 Nec6 8. Be3
Nd7 9. c4 dxc4 10. Na3 Bxc5 11. Bxc5 Nxc5 12. Nxc4 O-O 13. Qc1 Bg4 14. Qe3 Qe7
15. h3 Bh5 16. Rac1 Nd7 17. Rfd1 Rfd8 18. Nd4 Nxd4 19. Rxd4 Bxe2 20. Qxe2 Rac8
21. Rcd1 Nb6 22. Nd6 Rb8 23. Rf4 Rf8 24. Qh5 f6 25. exf6 Rxf6 26. Rxf6 Qxf6 27.
b3 Nd5 28. Nxb7 Rxb7 29. Qe8+ Qf8 30. Qxe6+ Qf7 31. Qc8+ 1-0

[Event "World Blitz 2015"]
[Site "Berlin GER"]
[Date "2015.10.14"]
[Round "13.63"]
[White "Abel, Dennes"]
[Black "Stefansson, Hannes"]
[Result "1/2-1/2"]
[WhiteTitle "IM"]
[BlackTitle "GM"]
[WhiteElo "2441"]
[BlackElo "2602"]
[WhiteFideId "24605417"]
[BlackFideId "2300087"]
[EventDate "2015.10.13"]

1. d4 Nf6 2. c4 e6 3. g3 Bb4+ 4. Bd2 a5 5. Bg2 O-O 6. Nc3 d6 7. e3 e5 8. Nge2
Nc6 9. d5 Ne7 10. a3 Bc5 11. Na4 Ba7 12. b4 axb4 13. axb4 c6 14. dxc6 bxc6 15.
O-O Bf5 16. b5 Ne4 17. Nec3 Nxc3 18. Bxc3 Rc8 19. b6 Bxb6 20. Nxb6 Qxb6 21. Qxd6
Ng6 22. e4 Be6 23. Rfb1 Qd8 24. c5 Qf6 25. Ba5 Bc4 26. Qxf6 gxf6 27. Rd1 Rfe8
28. Bb6 Nf8 29. Bh3 Ne6 30. Ra7 Ra8 31. Rdd7 Rxa7 32. Rxa7 Kf8 33. Bf5 h6 34. f3
Re7 35. Ra8+ Re8 36. Ra4 Bb5 37. Ra7 Re7 38. Ra8+ Re8 39. Ra3 Re7 40. Ra8+ Kg7
41. Ra7 1/2-1/2

[Event "World Blitz 2015"]
[Site "Berlin GER"]
[Date "2015.10.14"]
[Round "13.64"]
[White "Hausrath, Daniel"]
[Black "Belov, Vladimir"]
[Result "1/2-1/2"]
[WhiteTitle "GM"]
[BlackTitle "GM"]
[WhiteElo "2503"]
[BlackElo "2614"]
[WhiteFideId "4617495"]
[BlackFideId "4132394"]
[EventDate "2015.10.13"]

1. Nf3 d5 2. g3 Nf6 3. Bg2 g6 4. b3 Bg7 5. Bb2 c5 6. c4 d4 7. b4 O-O 8. O-O Re8
9. bxc5 e5 10. d3 Na6 11. c6 bxc6 12. Nbd2 Rb8 13. Rb1 Qa5 14. Nb3 Qxa2 15. Nfd2
c5 16. Qc2 Qa4 17. Nxd4 Qxc2 18. Nxc2 Nb4 19. Ne3 Bd7 20. Bc3 a5 21. Nb3 Bf8 22.
Nxa5 Ng4 23. Nxg4 Bxg4 24. Nc6 Bxe2 25. Nxb8 Bxf1 26. Bxf1 Rxb8 27. Bxe5 Rd8 28.
Bc3 Rd7 29. Rd1 Bg7 30. Bxb4 cxb4 31. Rb1 Bc3 32. c5 Rc7 33. d4 Bxd4 34. Rxb4 1/2-1/2

[Event "World Blitz 2015"]
[Site "Berlin GER"]
[Date "2015.10.14"]
[Round "13.65"]
[White "Kryvoruchko, Yuriy"]
[Black "Guliyev, Namig"]
[Result "1-0"]
[WhiteTitle "GM"]
[BlackTitle "GM"]
[WhiteElo "2710"]
[BlackElo "2579"]
[WhiteFideId "14109182"]
[BlackFideId "13400363"]
[EventDate "2015.10.13"]

1. e4 e5 2. Nf3 Nf6 3. Nc3 Nc6 4. d4 exd4 5. Nxd4 Bb4 6. Nxc6 bxc6 7. Bd3 d5 8.
exd5 cxd5 9. O-O O-O 10. h3 c6 11. Qf3 Re8 12. Bf4 Qa5 13. Ne2 Ba6 14. Ng3 Ne4
15. a3 Bf8 16. b4 Qb6 17. Be3 Qb7 18. Nxe4 Bxd3 19. Nf6+ gxf6 20. cxd3 a5 21.
Qxf6 Bg7 22. Qg5 axb4 23. axb4 Rxa1 24. Rxa1 Qxb4 25. Rc1 Qd6 26. Bd4 f6 27. Qg4
Qe6 28. Qf3 Kf7 29. Ra1 Qe2 30. Ra7+ Kf8 31. Qg3 Bh6 32. Bc5+ 1-0

[Event "World Blitz 2015"]
[Site "Berlin GER"]
[Date "2015.10.14"]
[Round "13.66"]
[White "Nikolic, Predrag"]
[Black "Polzin, Rainer"]
[Result "1/2-1/2"]
[WhiteTitle "GM"]
[BlackTitle "GM"]
[WhiteElo "2603"]
[BlackElo "2416"]
[WhiteFideId "14400014"]
[BlackFideId "4610741"]
[EventDate "2015.10.13"]

1. d4 Nf6 2. c4 g6 3. Nf3 Bg7 4. g3 c5 5. Bg2 cxd4 6. Nxd4 O-O 7. O-O d5 8. Na3
Nc6 9. Nb3 dxc4 10. Nxc4 Qxd1 11. Rxd1 Bg4 12. Kf1 Rad8 13. Be3 Be6 14. Bxc6
bxc6 15. Nca5 Ng4 16. Bxa7 Bxb2 17. Rxd8 Rxd8 18. Rb1 Bf6 19. Nxc6 Ra8 20. f3
Ne5 21. Nxe5 Rxa7 22. Ng4 Bxg4 23. fxg4 Rxa2 24. Nc5 Ra1 1/2-1/2

[Event "World Blitz 2015"]
[Site "Berlin GER"]
[Date "2015.10.14"]
[Round "13.67"]
[White "Sumets, Andrey"]
[Black "Richter, Michael"]
[Result "0-1"]
[WhiteTitle "GM"]
[BlackTitle "GM"]
[WhiteElo "2583"]
[BlackElo "2517"]
[WhiteFideId "14105500"]
[BlackFideId "4618920"]
[EventDate "2015.10.13"]

1. d4 d5 2. c4 e6 3. Nf3 c6 4. Nbd2 f5 5. g3 Nf6 6. Bg2 Bd6 7. O-O Nbd7 8. b3
O-O 9. Bb2 b6 10. Ne5 Bb7 11. Qc2 Rc8 12. Rfc1 Qe7 13. Ndf3 Ne4 14. e3 c5 15.
Nxd7 Qxd7 16. dxc5 bxc5 17. Be5 Bxe5 18. Nxe5 Qd6 19. Nd3 d4 20. exd4 cxd4 21.
c5 Qe7 22. Qb2 Nc3 23. Bxb7 Qxb7 24. Rxc3 dxc3 25. Qxc3 Rfd8 26. Rc1 Qf3 27. Ne1
Qe2 28. Nf3 Rd3 29. Qe5 Qxe5 30. Nxe5 Rd5 31. Nc4 Rcxc5 32. Re1 Kf7 33. Kg2 g5
34. h3 h5 35. h4 g4 36. Re2 Kf6 37. Rb2 e5 38. Re2 Rd3 39. Nb2 Rd8 40. Nc4 Rcd5
41. Rc2 f4 42. gxf4 exf4 43. Rc3 Rd3 44. Rc2 f3+ 45. Kg3 Rd1 46. Ne3 Rg1+ 47.
Kf4 Rd4# 0-1

[Event "World Blitz 2015"]
[Site "Berlin GER"]
[Date "2015.10.14"]
[Round "13.68"]
[White "Romanov, Evgeny"]
[Black "Carow, Johannes"]
[Result "1-0"]
[WhiteTitle "GM"]
[BlackTitle "FM"]
[WhiteElo "2573"]
[BlackElo "2431"]
[WhiteFideId "4148843"]
[BlackFideId "24692050"]
[EventDate "2015.10.13"]

1. c4 c5 2. Nf3 b6 3. Nc3 Bb7 4. e4 d6 5. d4 cxd4 6. Nxd4 Nf6 7. Bg5 Nbd7 8. Qe2
e6 9. O-O-O a6 10. f4 Qc7 11. Nd5 exd5 12. exd5+ Kd8 13. g4 Bxd5 14. Bg2 Bxg2
15. Qxg2 Rc8 16. Kb1 h6 17. Bh4 g6 18. Rhe1 Bg7 19. Qe2 Qc5 20. Qe7+ Kc7 21.
Qxf7 Kb8 22. Ne6 Qxc4 23. Qxg7 Rhg8 24. Qe7 Qc2+ 25. Ka1 Qc6 26. Bxf6 Rge8 27.
Nd4 Qa4 28. Qxd6+ Ka7 29. b3 1-0

[Event "World Blitz 2015"]
[Site "Berlin GER"]
[Date "2015.10.14"]
[Round "13.69"]
[White "Halkias, Stelios"]
[Black "Kovalev, Vladislav"]
[Result "1-0"]
[WhiteTitle "GM"]
[BlackTitle "GM"]
[WhiteElo "2534"]
[BlackElo "2546"]
[WhiteFideId "4201809"]
[BlackFideId "13504398"]
[EventDate "2015.10.13"]

1. Nf3 Nf6 2. d4 g6 3. c4 Bg7 4. Nc3 O-O 5. e4 d6 6. Be2 e5 7. Be3 exd4 8. Nxd4
Re8 9. f3 c6 10. Bf2 d5 11. exd5 cxd5 12. c5 Nc6 13. O-O Nh5 14. Qd2 Be5 15. g3
Ng7 16. Rfd1 Be6 17. Ncb5 a6 18. Nxc6 bxc6 19. Nd4 Qd7 20. Bf1 a5 21. Re1 Bc7
22. Rad1 Rab8 23. b3 h5 24. Qg5 Bd8 25. Qf4 Bc7 26. Qg5 Bd8 27. Qd2 Bc7 28. Nxe6
Rxe6 29. Rxe6 Nxe6 30. Bh3 Re8 31. Re1 Qe7 32. Bxe6 fxe6 33. f4 e5 34. fxe5 Qe6
35. Bd4 Rf8 36. Qe2 h4 37. gxh4 Qh3 38. Bf2 d4 39. Bg3 a4 40. Qe4 Rf5 41. Qxd4
Ba5 42. Rd1 Kh7 43. e6 axb3 44. axb3 Rf8 45. Qd7+ Kh6 46. Qd4 Re8 47. Qe3+ Kh7
48. Rd7+ Kg8 49. Qe5 Bc3 50. Qxc3 1-0

[Event "World Blitz 2015"]
[Site "Berlin GER"]
[Date "2015.10.14"]
[Round "13.70"]
[White "Ernst, Sipke"]
[Black "Agdestein, Simen"]
[Result "1/2-1/2"]
[WhiteTitle "GM"]
[BlackTitle "GM"]
[WhiteElo "2527"]
[BlackElo "2606"]
[WhiteFideId "1004689"]
[BlackFideId "1500015"]
[EventDate "2015.10.13"]

1. d4 e6 2. Nf3 f5 3. g3 Nf6 4. Bg2 d5 5. O-O Bd6 6. c4 c6 7. b3 Qe7 8. Qc2 O-O
9. Rd1 b6 10. Ne5 Bb7 11. Nc3 Nbd7 12. Nxd7 Qxd7 13. a4 a5 14. Ba3 Bxa3 15. Rxa3
Qd6 16. Raa1 f4 17. Bf3 Rad8 18. Qd2 fxg3 19. hxg3 c5 20. cxd5 exd5 21. Rac1 Qe7
22. Qg5 h6 23. Qe5 Qf7 24. dxc5 bxc5 25. Nb5 Rfe8 26. Qc7 Qxc7 27. Nxc7 Re7 28.
Rxc5 Rc8 29. Nxd5 Rxc5 30. Nxe7+ Kf7 31. Bxb7 Kxe7 32. Ba6 Ne4 33. Bc4 Nd6 34.
Rd4 g5 35. g4 Re5 36. e3 Ne4 37. Kg2 Nc5 38. Rd5 Rxd5 39. Bxd5 Kd6 40. Bc4 Ke5
41. Kf3 Ne4 42. Ke2 Nc5 43. f3 Nd7 44. Kd3 Kd6 45. Kd4 Ne5 46. Be2 Nd7 47. f4
Nc5 48. Bd1 Ne6+ 49. Ke4 Ng7 50. f5 Ne8 51. Kd4 Nf6 52. e4 Nd7 53. Be2 Ne5 54.
Bd1 Nd7 55. Kc4 Kc6 56. Be2 Ne5+ 1/2-1/2

[Event "World Blitz 2015"]
[Site "Berlin GER"]
[Date "2015.10.14"]
[Round "13.71"]
[White "Ladva, Ottomar"]
[Black "Lagarde, Maxime"]
[Result "1/2-1/2"]
[WhiteTitle "IM"]
[BlackTitle "GM"]
[WhiteElo "2423"]
[BlackElo "2550"]
[WhiteFideId "4500024"]
[BlackFideId "662399"]
[EventDate "2015.10.13"]

1. d4 Nf6 2. Nf3 e6 3. Bf4 c5 4. c3 Nc6 5. e3 Nh5 6. Bg5 Qb6 7. Qb3 Qxb3 8. axb3
h6 9. Bh4 g5 10. Bg3 Nxg3 11. hxg3 cxd4 12. exd4 Bg7 13. Nbd2 d6 14. Nc4 Ke7 15.
Nb6 Rb8 16. Nxc8+ Rhxc8 17. Bd3 a5 18. Bb5 b6 19. Ke2 Rc7 20. Nh2 Rbc8 21. Ng4
f5 22. Ne3 d5 23. Nf1 Nd8 24. Nd2 Nf7 25. Nf3 Nd6 26. Bd3 Nf7 27. Rae1 Kf8 28.
Kd2 Re7 29. Re2 Nd6 30. Ne5 Bxe5 31. Rxe5 Kg7 32. f3 Rce8 33. Rhe1 Kf6 34. Rh1
Rh8 35. Bc2 h5 36. Ree1 Reh7 37. Re2 Rh6 38. Rhe1 Re8 39. Bd3 h4 40. gxh4 Rxh4
41. c4 Rhh8 42. Ra1 Rc8 43. cxd5 exd5 44. Re5 Rh2 45. Rg1 Rd8 46. Rxd5 f4 47.
Ke2 Nf7 48. Rxd8 Nxd8 49. Be4 Rh8 50. Rc1 Ke7 51. Rc7+ Kd6 52. Rg7 Ne6 53. Rg6
Ke7 54. Kd3 Rd8 55. d5 Nc5+ 56. Kc4 Rc8 57. d6+ Kf7 58. d7 Nxd7+ 59. Kd4 Rd8 60.
Rxg5 Nc5+ 61. Ke5 Rd2 62. Rg4 Rxb2 63. Rxf4+ Ke7 64. g4 Rxb3 65. Bd5 Nd3+ 66.
Kd4 Rb4+ 67. Kxd3 Rxf4 68. Be4 Kf6 69. Kc4 Kg5 70. Kd5 a4 71. Kc4 Rxe4+ 72. fxe4
Kxg4 73. e5 Kf5 74. Kd5 a3 75. e6 a2 76. e7 a1=Q 77. e8=Q Qa5+ 78. Kc4 Qc5+ 79.
Kb3 b5 80. Qd7+ Ke5 81. Qg7+ Ke4 82. Qg2+ Kd3 83. Qf1+ Kd2 84. Qg2+ Ke1 85. Qh1+
Kf2 86. Qh2+ Kf3 87. Qh1+ Kg3 88. Qe1+ Kg4 89. Qe2+ Kg5 90. Qg2+ Kf6 91. Qf3+
Ke7 92. Qb7+ Kd8 93. Qb8+ Kd7 94. Qb7+ Kd6 95. Qb8+ Kd5 96. Qg8+ Kc6 97. Qa8+
Kb6 98. Qb8+ Ka5 99. Qd8+ Ka6 100. Qa8+ Qa7 101. Qxa7+ Kxa7 102. Kb4 Kb6 103.
Kb3 Kc5 104. Kc3 b4+ 105. Kb3 Kb5 106. Kb2 Kc4 107. Kc2 Kc5 108. Kb3 Kb5 109.
Kb2 1/2-1/2

[Event "World Blitz 2015"]
[Site "Berlin GER"]
[Date "2015.10.14"]
[Round "13.72"]
[White "Kunin, Vitaly"]
[Black "Nielsen, Peter Heine"]
[Result "1/2-1/2"]
[WhiteTitle "GM"]
[BlackTitle "GM"]
[WhiteElo "2556"]
[BlackElo "2654"]
[WhiteFideId "4128737"]
[BlackFideId "1400355"]
[EventDate "2015.10.13"]

1. d3 c5 2. Nf3 g6 3. g3 Bg7 4. Bg2 Nc6 5. O-O Nf6 6. e4 O-O 7. Nbd2 d5 8. c3
Qc7 9. Re1 e6 10. a3 b6 11. Nf1 dxe4 12. dxe4 Rd8 13. Qc2 Ba6 14. Bf4 e5 15. Bg5
Bd3 16. Qc1 Na5 17. N1d2 c4 18. Bf1 h6 19. Bxf6 Bxf6 20. Re3 Bxf1 21. Qxf1 Rd7
22. Qh3 Kg7 23. Ree1 Nb3 24. Nxb3 cxb3 25. Rad1 Rad8 26. Qf1 Be7 27. Kg2 Qc5 28.
Rxd7 Rxd7 29. Rd1 Rxd1 30. Qxd1 Qc4 31. Nxe5 Qxe4+ 32. Nf3 Qc2 33. Qd5 Bf6 34.
Ne5 Bxe5 35. Qxe5+ Kg8 36. Qe8+ Kg7 37. Qe5+ Kh7 38. Qd5 Kg8 39. Qd8+ Kg7 40.
Qd4+ Kh7 41. Qd5 Kg8 1/2-1/2

[Event "World Blitz 2015"]
[Site "Berlin GER"]
[Date "2015.10.14"]
[Round "13.73"]
[White "Teske, Henrik"]
[Black "Godena, Michele"]
[Result "1-0"]
[WhiteTitle "GM"]
[BlackTitle "GM"]
[WhiteElo "2475"]
[BlackElo "2513"]
[WhiteFideId "4611500"]
[BlackFideId "800090"]
[EventDate "2015.10.13"]

1. c4 e5 2. Nc3 Bb4 3. Nd5 Bc5 4. Nf3 c6 5. Nc3 d6 6. e3 Qe7 7. Be2 Nf6 8. d4
Bb6 9. b3 O-O 10. Bb2 Rd8 11. Qc2 exd4 12. exd4 d5 13. O-O h6 14. Rfe1 Be6 15.
a4 a5 16. Ba3 Qe8 17. Rad1 Na6 18. cxd5 cxd5 19. Bb5 Nd7 20. Nxd5 Rac8 21. Qe4
Ba7 22. Ne7+ Kh8 23. Nxc8 Rxc8 24. d5 Nac5 25. Bxc5 Nxc5 26. Bxe8 Nxe4 27. Rxe4
Bf5 28. Re2 Bc2 29. Rc1 1-0

[Event "World Blitz 2015"]
[Site "Berlin GER"]
[Date "2015.10.14"]
[Round "13.74"]
[White "Carlstedt, Jonathan"]
[Black "Schmaltz, Roland"]
[Result "0-1"]
[WhiteTitle "IM"]
[BlackTitle "GM"]
[WhiteElo "2442"]
[BlackElo "2504"]
[WhiteFideId "24614386"]
[BlackFideId "4614054"]
[EventDate "2015.10.13"]

1. c4 Nf6 2. g3 g6 3. Bg2 Bg7 4. Nc3 O-O 5. e4 c5 6. Nge2 Nc6 7. a3 Ne8 8. Rb1
d6 9. d3 Nc7 10. b4 b6 11. O-O Rb8 12. Be3 Nd4 13. f4 f5 14. Bf2 Bb7 15. Nxd4
cxd4 16. Ne2 e5 17. c5 fxe4 18. cxd6 e3 19. Bxe3 Bxg2 20. dxc7 Qxc7 21. Kxg2
dxe3 22. Qb3+ Kh8 23. fxe5 Qxe5 24. Kg1 Rbd8 25. Rbd1 Rf2 26. Rxf2 exf2+ 27.
Kxf2 Rf8+ 28. Ke1 Qe3 29. Qc2 Qf2+ 30. Kd2 Bh6+ 0-1

[Event "World Blitz 2015"]
[Site "Berlin GER"]
[Date "2015.10.14"]
[Round "13.76"]
[White "Van Foreest, Jorden"]
[Black "Agrest, Evgenij"]
[Result "0-1"]
[WhiteTitle "IM"]
[BlackTitle "GM"]
[WhiteElo "2548"]
[BlackElo "2596"]
[WhiteFideId "1039784"]
[BlackFideId "1705024"]
[EventDate "2015.10.13"]

1. d4 d5 2. Nc3 Nf6 3. Bf4 Bg4 4. f3 Bh5 5. e3 e6 6. g4 Bg6 7. h4 h5 8. g5 Nfd7
9. Nge2 Nc6 10. Bh2 Bd6 11. Bxd6 cxd6 12. Nf4 Bf5 13. Bd3 Bxd3 14. Qxd3 Nf8 15.
g6 f6 16. e4 dxe4 17. fxe4 Qd7 18. O-O-O O-O-O 19. Qe3 Kb8 20. Kb1 e5 21. dxe5
fxe5 22. Nfd5 Nxg6 23. Rhg1 Nge7 24. Rxg7 Nxd5 25. exd5 Qxg7 26. dxc6 bxc6 27.
Ne4 Qc7 28. Qa3 Rhg8 29. b3 Rg6 30. Qb4+ Qb6 31. Qc3 Rg1 32. Qf3 Rxd1+ 33. Qxd1
Qd4 34. Qf3 d5 35. Ng5 Rc8 36. Qxh5 e4 37. Qg6 e3 38. Qd6+ Ka8 39. Qd7 Qh8 40.
Qg4 Qe8 41. Ne6 Qe7 42. Qh3 Re8 43. Nf4 e2 44. Nxe2 Qxe2 45. h5 Qe1+ 46. Kb2
Qe5+ 47. Kb1 Rg8 48. Qf1 Qd4 49. c3 Rg1 0-1

[Event "World Blitz 2015"]
[Site "Berlin GER"]
[Date "2015.10.14"]
[Round "13.77"]
[White "Hasangatin, Ramil"]
[Black "Schneider, Ilja"]
[Result "1/2-1/2"]
[WhiteTitle "GM"]
[BlackTitle "IM"]
[WhiteElo "2509"]
[BlackElo "2481"]
[WhiteFideId "4122160"]
[BlackFideId "4663306"]
[EventDate "2015.10.13"]

1. e4 Nc6 2. Bb5 Nf6 3. Bxc6 dxc6 4. d3 e5 5. Nf3 Bd6 6. Bg5 h6 7. Bh4 Be6 8.
Nbd2 c5 9. Qe2 Qe7 10. Nc4 g5 11. Bg3 Bxc4 12. dxc4 Nd7 13. Nd2 Nf8 14. Nf1 Ne6
15. Ne3 O-O-O 16. O-O-O h5 17. h3 Ng7 18. Rd5 Qe6 19. Rhd1 c6 20. R5d3 Be7 21.
Qf3 f6 22. b3 Rd4 23. c3 Rxd3 24. Rxd3 Rd8 25. Kc2 Rxd3 26. Kxd3 Kd7 27. Bh2 Ke8
28. Kc2 Kf7 29. g4 h4 30. Nf5 Nxf5 31. gxf5 Qd7 32. Qh5+ Kf8 33. Qh8+ Kf7 34.
Qh7+ Ke8 35. Qh5+ Kd8 36. Qh8+ Kc7 37. Qg7 Bd8 38. Qxd7+ Kxd7 39. Kd3 Be7 40.
Ke2 Ke8 41. Kf3 Kf7 42. Kg4 Kg7 43. Kh5 Bd6 44. f3 Bc7 45. Bg1 Bd6 46. Be3 Be7
47. a3 a6 48. Bf2 Bf8 49. Bg1 Be7 50. Be3 Bf8 51. Bd2 Be7 52. Bc1 Bf8 53. Bd2
Be7 54. Be1 Bf8 55. Bf2 Be7 56. Be3 1/2-1/2

[Event "World Blitz 2015"]
[Site "Berlin GER"]
[Date "2015.10.14"]
[Round "13.78"]
[White "Maze, Sebastien"]
[Black "Petursson, Margeir"]
[Result "1-0"]
[WhiteTitle "GM"]
[BlackTitle "GM"]
[WhiteElo "2582"]
[BlackElo "2520"]
[WhiteFideId "613762"]
[BlackFideId "2300028"]
[EventDate "2015.10.13"]

1. Nf3 d5 2. g3 c6 3. Bg2 Bg4 4. O-O Nd7 5. c4 e6 6. cxd5 exd5 7. d3 Bc5 8. Qc2
Ngf6 9. e4 O-O 10. Nc3 dxe4 11. dxe4 Bxf3 12. Bxf3 Ne5 13. Be2 h6 14. Kg2 Qd4
15. Be3 Qd6 16. Rad1 Qe7 17. Bc1 Nfd7 18. f4 Ng6 19. e5 Nb6 20. Ne4 Nd7 21. Rxd7
Qxd7 22. Nxc5 Qe7 23. Ne4 Qb4 24. a3 Qa5 25. Nd6 Ne7 26. b4 Qb6 27. f5 Nd5 28.
Bc4 Ne3+ 29. Bxe3 Qxe3 30. Qe2 Qxa3 31. f6 g6 32. Qe4 Kh7 33. Bxf7 Rxf7 34. Nxf7
Qa2+ 35. Rf2 Qxf7 36. e6 Qf8 37. Qe5 1-0

[Event "World Blitz 2015"]
[Site "Berlin GER"]
[Date "2015.10.14"]
[Round "13.79"]
[White "Sethuraman, S.P."]
[Black "Seel, Christian"]
[Result "1-0"]
[WhiteTitle "GM"]
[BlackTitle "IM"]
[WhiteElo "2640"]
[BlackElo "2474"]
[WhiteFideId "5021596"]
[BlackFideId "4663098"]
[EventDate "2015.10.13"]

1. d4 g6 2. Nc3 Bg7 3. h4 h6 4. e4 d6 5. Be3 a6 6. h5 g5 7. Qd2 b5 8. f4 gxf4 9.
Bxf4 Bb7 10. Nf3 b4 11. Nd5 a5 12. Bd3 e6 13. Ne3 Nd7 14. O-O-O Ngf6 15. d5 Nc5
16. dxe6 Nxe6 17. Nf5 Nxf4 18. Qxf4 Bf8 19. e5 Nd5 20. Bb5+ c6 21. Rxd5 cxb5 22.
Rxd6 Qc7 23. e6 Bxd6 24. Nxd6+ Kf8 25. Re1 Bxf3 26. e7+ Kg7 27. Qxf7# 1-0

[Event "World Blitz 2015"]
[Site "Berlin GER"]
[Date "2015.10.14"]
[Round "13.80"]
[White "Sanal, Vahap"]
[Black "Rabiega, Robert"]
[Result "1/2-1/2"]
[WhiteTitle "IM"]
[BlackTitle "GM"]
[WhiteElo "2501"]
[BlackElo "2503"]
[WhiteFideId "6300545"]
[BlackFideId "4601475"]
[EventDate "2015.10.13"]

1. e4 e5 2. Nf3 Nf6 3. Nxe5 d6 4. Nf3 Nxe4 5. Nc3 Nxc3 6. dxc3 Be7 7. Bf4 O-O 8.
Qd2 Nd7 9. O-O-O Re8 10. h4 Nf6 11. h5 Ne4 12. Qe1 Bf6 13. Be3 h6 14. Bd3 Bg4
15. Qg1 Qd7 16. Bc4 c6 17. Bb3 a5 18. a3 Qf5 19. Qh2 a4 20. Ba2 d5 21. Nd4 Bxd4
22. Rxd4 Qe6 23. Qf4 Bf5 24. Re1 Nf6 25. Bd2 Qd7 26. Rxe8+ Rxe8 27. Rxa4 Nxh5
28. Qh4 Bg6 29. g4 Nf6 30. f3 Re2 31. Bb3 Qe6 32. Ra8+ Kh7 33. g5 Nh5 34. gxh6
Rg2 35. Qe1 Qxe1+ 36. Bxe1 gxh6 37. Rb8 b5 38. a4 bxa4 39. Bxa4 c5 40. c4 dxc4
41. Bc3 Ng7 42. Rc8 h5 43. Rxc5 h4 44. Bd7 Ne6 45. Rxc4 Rh2 46. Bf6 Bf5 47.
Rxh4+ Rxh4 48. Bxh4 Kg6 49. Bf2 Bh3 50. Be3 Bg2 51. Bc6 Kf5 52. Be4+ Kf6 53. Kd2
Nd8 54. Bd4+ Ke6 55. Ke3 f5 56. Ba8 Nf7 57. Bc6 Nd6 58. b4 Bf1 59. Kf4 Bc4 60.
Bc5 Nc8 61. Bb7 Ne7 62. Bxe7 1/2-1/2

[Event "World Blitz 2015"]
[Site "Berlin GER"]
[Date "2015.10.14"]
[Round "13.81"]
[White "Stern, Rene"]
[Black "Pham, Le Thao Nguyen"]
[Result "0-1"]
[WhiteTitle "GM"]
[BlackTitle "IM"]
[WhiteElo "2538"]
[BlackElo "2319"]
[WhiteFideId "4611799"]
[BlackFideId "12401226"]
[EventDate "2015.10.13"]

1. d4 d5 2. c4 c6 3. cxd5 cxd5 4. Bf4 Nc6 5. e3 Nf6 6. Nc3 Bf5 7. Qb3 Na5 8.
Qa4+ Bd7 9. Qc2 e6 10. Nf3 Rc8 11. Bd3 Be7 12. h3 a6 13. O-O Bb5 14. Bxb5+ axb5
15. Qe2 b4 16. Qb5+ Nd7 17. Na4 O-O 18. Rfc1 Rc6 19. Rxc6 bxc6 20. Qa6 c5 21.
dxc5 Nxc5 22. Nxc5 Bxc5 23. Rc1 Bb6 24. Qb5 b3 25. axb3 h6 26. Ne5 Bc7 27. Nd7
Bxf4 28. Nxf8 Bd6 29. Nd7 Nxb3 30. Rc3 Nd2 31. Qc6 Ne4 32. Rb3 Kh7 33. f3 Nd2
34. Qxd6 Qh4 0-1

[Event "World Blitz 2015"]
[Site "Berlin GER"]
[Date "2015.10.14"]
[Round "13.82"]
[White "Handke, Florian"]
[Black "Kulon, Klaudia"]
[Result "0-1"]
[WhiteTitle "GM"]
[BlackTitle "WGM"]
[WhiteElo "2531"]
[BlackElo "2324"]
[WhiteFideId "4634527"]
[BlackFideId "1131044"]
[EventDate "2015.10.13"]

1. d4 d5 2. Nf3 c6 3. c4 e6 4. Qc2 dxc4 5. Qxc4 b5 6. Qc2 Bb7 7. g3 a6 8. Bg2
Nd7 9. O-O c5 10. dxc5 Bxc5 11. Nbd2 Rc8 12. Qd3 Ngf6 13. Nb3 Be4 14. Qd1 Ba7
15. Bf4 O-O 16. Bd6 Re8 17. Rc1 Rxc1 18. Qxc1 Qb6 19. Bb4 Nd5 20. Ba5 Qb7 21.
Qd2 Ne5 22. Rc1 Nc4 23. Qg5 Nxa5 24. Nxa5 Qb6 25. Nc6 Qxf2+ 26. Kh1 Be3 27. Qe5
Bxf3 28. Bxf3 Bxc1 29. Qd4 Qxd4 30. Nxd4 Bxb2 31. Nb3 Bc3 32. h4 a5 33. Nc5 a4
34. Ne4 Be5 35. Nc5 Bxg3 36. h5 Bd6 37. Ne4 Be5 38. Nc5 Rc8 39. Nd3 Bd4 40. Kg2
b4 41. e4 Ne3+ 42. Kh3 b3 43. axb3 axb3 44. e5 Rc3 45. Be4 Nc4 46. Kg4 Nxe5+ 47.
Nxe5 Bxe5 48. h6 f5+ 49. Kh5 Rh3+ 50. Kg5 gxh6# 0-1